1593 1947 1103 1767 1651 1682 1425 1420 1368 1727 1756 1921 1545 1930 1041 1395 1420 1269 1434 1817 1297 1619 1397 1072 1142 1250 1939 1755 1550 1488 1639 1225 1225 1583 1532 1744 1898 1551 1401 1061 1422 1443 1481 1844 1883 1622 1215 1581 1343 1099 1562 1704 1206 1756 1878 1152 1127 1660 1793 1640 1837 1197 1110 1492 1941 1328 1435 1964 1287 1249 1536 1464 1996 1271 1629 1463 1173 1517 1438 1738 1600 1882 1098 1676 1565 1550 1325 1763 1138 1108 1947 1232 1231 1403 1757 1047 1206 1392 1775 BCNSPRNW ULIB Ver.6.0+V

เปลี่ยนเป็นภาษาไทย

Change to English
 แสดงรายละเอียดบรรณานุกรม
  กลับหน้าหลัก

Brief Record : Get Marc (ISO 2709) : E-mail record : QR code < ปิดหน้าต่าง
LEADER : 00000nam 2200000uu 4500
001    13399114695
003     ULIB
008    020711s2553 th a 000 0 tha d
099    ^aวจ.QV55^bส945ก
100    ^aเสาวลักษณ์ ตุรงคราวี
245    การประเมินบัญชียา จ(2) ของบัญชียาหลักแห่งชาติ พ.ศ. 2551/^cเสาวลักษณ์ ตุรงคราวี และคณะ
260    ^aนนทบุรี :^bโครงการประเมินเทคโนโลยีและนโยบายด้านสุขภาพ ,^c2555
300    ^a132 หน้า
650  7 บัญชียาหลักแห่งชาติ^xวิจัย
700 0  ศรีเพ็ญ ตันติเวสส
700 0  วรัญญา รัตนวิภาพงษ์
700 0  รุ่งนภา คำผาง
700 0  พัทธรา ลีฬหวรงค์
700 0  ตี ระวัฒนานนท์
710 1  กระทรวงสาธารณสุข. ^bกรมอนามัย.^bโครงการประเมินเทคโนโลยีและนโยบายด้านสุขภาพ.
945    ^p0^l0^i031710
995    ทศพร
999 ^a ทศพร
รายการนี้ยังไม่มีแท็ก
คุณยังไม่ได้ล็อกอิน คุณสามารถมีกิจกรรมร่วมกับเว็บไซต์ได้ แต่ต้องล็อกอินก่อน ::
  ล็อกอิน

รายการสื่อสารสนเทศ

ลำดับที่ ประเภท เลขเรียก/บาร์โค้ด สถานที่ สถานะ
1. งานวิจัย
งานวิจัย
วจ.QV55 ส945ก  
  Barcode: 031710
ห้องสมุดวิทยาเขตสวรรค์ประชารักษ์
►วิจัย
บนชั้น

BibComment


ยังไม่เคยถูกคอมเมนท์

คอมเมนท์ทรัพยากรรายการนี้
  คอมเมนท์: การประเมินบัญชียา..


 Copyright 2026. Bcnsprnw @Library